Đại Việt sử ký toàn thư Dịch theo bản khắc in năm Chính Hòa thứ 18 (1697)

Spremljeno u:
Bibliografski detalji
Format: Knjiga
Jezik:Undetermined
Izdano: Hà Nội KHXH 1967
Teme:
Oznake: Dodaj oznaku
Bez oznaka, Budi prvi tko označuje ovaj zapis!
Thư viện lưu trữ: Trung tâm Học liệu Trường Đại học Cần Thơ
LEADER 00531nam a2200169Ia 4500
001 CTU_10922
008 210402s9999 xx 000 0 und d
082 |a 959.7012 
082 |b Đ103/T.1 
245 0 |a Đại Việt sử ký toàn thư 
245 0 |b Dịch theo bản khắc in năm Chính Hòa thứ 18 (1697) 
245 0 |c Ngô Sĩ Liên, Đào Duy Anh 
260 |a Hà Nội 
260 |b KHXH 
260 |c 1967 
650 |a vietnam - history 
980 |a Trung tâm Học liệu Trường Đại học Cần Thơ